Invertebrates / (Record no. 10797)

MARC details
000 -LEADER
fixed length control field 00681nam a22002292 4500
001 - CONTROL NUMBER
control field 0000004727
005 - DATE AND TIME OF LATEST TRANSACTION
control field 20151217154350.0
008 - FIXED-LENGTH DATA ELEMENTS--GENERAL INFORMATION
fixed length control field 070528s xx 000 0 eng d
020 ## - INTERNATIONAL STANDARD BOOK NUMBER
International Standard Book Number 0878930933 :
Terms of availability KES 5,920
040 ## - CATALOGING SOURCE
Original cataloging agency KABU
Transcribing agency KABU
050 #0 - LIBRARY OF CONGRESS CALL NUMBER
Classification number QL362
Item number .B78 2003
100 1# - MAIN ENTRY--PERSONAL NAME
Personal name Brusca, Richard C.
-- 0000155464
245 10 - TITLE STATEMENT
Title Invertebrates /
Statement of responsibility, etc. Richard C. Brusca, Gary J. Brusca.
250 ## - EDITION STATEMENT
Edition statement 2nd ed.
260 ## - PUBLICATION, DISTRIBUTION, ETC. (IMPRINT)
Place of publication, distribution, etc. Sunderland, Mass :
Name of publisher, distributor, etc. Sinauer Associates,
Date of publication, distribution, etc. 2003.
300 ## - PHYSICAL DESCRIPTION
Extent xix, 936 p.
650 #0 - SUBJECT ADDED ENTRY--TOPICAL TERM
Topical term or geographic name as entry element Invertebrates.
-- 0000155465
700 1# - ADDED ENTRY--PERSONAL NAME
Personal name Brusca, Gary J.
-- 0000155466
908 ## - PUT COMMAND PARAMETER (RLIN)
Put command parameter 070528
950 ## - LOCAL HOLDINGS (RLIN)
-- 1
Holdings
Withdrawn status Lost status Source of classification or shelving scheme Not for loan Home library Current library Date acquired Total Checkouts Full call number Barcode Date last seen Date last checked out Price effective from Koha item type
    Library of Congress Classification   Kabarak, Main Campus Kabarak, Main Campus 17/12/2015 2 QL362 .B78 2003 007110 02/06/2023 24/05/2023 17/12/2015 General Collection
Designed with assistance from East African Informatics Ltd